The bank book : How to revoke your bank's "license to steal"and save up to $100.000 Third edition
| Main Author: | |
|---|---|
| Format: | Book |
| Published: |
New York :
HarperCollins books ,
1991
|
| Subjects: |
MARC
| LEADER | 00000cam a2200000 7i4500 | ||
|---|---|---|---|
| 001 | 0000060498 | ||
| 005 | 20160306.0 | ||
| 008 | 160306 | ||
| 020 | |a 006273265X | ||
| 090 | 0 | 0 | |a 332.10973 |b MRK |
| 100 | 1 | |a Mrkvicka,Edward F. | |
| 245 | 1 | 0 | |a The bank book : |b How to revoke your bank's "license to steal"and save up to $100.000 |c Edward F.Mrkvicka . |n Third edition |
| 260 | |a New York : |b HarperCollins books , |c 1991 | ||
| 650 | 0 | |a Banks and banking-United states-customer services | |
| 999 | |a 0000749229 |b Book |c Adult Collection |e Cawangan Pontian | ||